Địa hóa học cảnh quan

Đã lưu trong:
书目详细资料
主要作者: A.I.Pérelman
格式: 图书
语言:Vietnamese
出版: H. Khoa học và kĩ thuật 1974
主题:
标签: 添加标签
没有标签, 成为第一个标记此记录!
Thư viện lưu trữ: Mạng thư viện Đại học Đà Nẵng
LEADER 01156aam a22003498a 4500
001 000016277
003 12675
005 20120730150723.0
008 120727s1974 viesd
020 |c 0  |d 2000b 
041 0 |a vie 
082 1 4 |2 14  |a 551.9  |b PE-A 
100 0 |a A.I.Pérelman 
245 0 0 |a Địa hóa học cảnh quan  |c Vũ Tự Lập - Trịnh Sanh (người dịch) 
260 |a H.  |b Khoa học và kĩ thuật  |c 1974 
300 |a 318 tr  |c 27cm 
546 |a Chính văn bằng 2 thứ tiếng: Việt - Ba Na 
650 7 |2 Bộ TK TVQG 
650 7 |2 Bộ TK TVQG 
651 7 |2 Bộ TK TVQG  |a Việt Nam 
653 |a cảnh quan  |a địa hóa 
655 7 |2 Bộ TK TVQG  |a Sử thi 
OWN |a LSP 
AVA |a UDN50  |b LSP  |d 551.9 PE-A  |e available  |t Error 5001 Not defined in file expand_doc_bib_avail.  |f 2  |g 0  |h N  |i 0  |k 1 
999 |a From the UDN01 
AVA |a UDN50  |b LSP  |d 551.9 PE-A  |e available  |t Error 5001 Not defined in file expand_doc_bib_avail.  |f 2  |g 0  |h N  |i 0  |k 1 
TYP |a Monograph 
TYP |a Printed language 
980 |a Mạng thư viện Đại học Đà Nẵng